Random Two Digit Number Squared - Statistics

General Stats
  • This quiz has been taken 7 times
  • The average score is 4 of 20
Answer Stats
To be squared Answer % Correct
40 1600
100%
60 3600
100%
72 5184
100%
23 529
100%
26 676
100%
29 841
100%
30 900
100%
31 961
100%
10 100
50%
35 1225
50%
14 196
50%
51 2601
50%
53 2809
50%
84 7056
50%
11 121
33%
91 8281
33%
32 1024
0%
33 1089
0%
34 1156
0%
36 1296
0%
37 1369
0%
12 144
0%
38 1444
0%
39 1521
0%
41 1681
0%
13 169
0%
42 1764
0%
43 1849
0%
44 1936
0%
45 2025
0%
46 2116
0%
47 2209
0%
15 225
0%
48 2304
0%
49 2401
0%
50 2500
0%
16 256
0%
52 2704
0%
17 289
0%
54 2916
0%
55 3025
0%
56 3136
0%
18 324
0%
57 3249
0%
58 3364
0%
59 3481
0%
19 361
0%
61 3721
0%
62 3844
0%
63 3969
0%
20 400
0%
64 4096
0%
65 4225
0%
66 4356
0%
21 441
0%
67 4489
0%
68 4624
0%
69 4761
0%
22 484
0%
70 4900
0%
71 5041
0%
73 5329
0%
74 5476
0%
75 5625
0%
24 576
0%
76 5776
0%
77 5929
0%
78 6084
0%
79 6241
0%
25 625
0%
80 6400
0%
81 6561
0%
82 6724
0%
83 6889
0%
85 7225
0%
27 729
0%
86 7396
0%
87 7569
0%
88 7744
0%
28 784
0%
89 7921
0%
90 8100
0%
92 8464
0%
93 8649
0%
94 8836
0%
95 9025
0%
96 9216
0%
97 9409
0%
98 9604
0%
99 9801
0%
No matching quizzes found
Score Distribution
Percent of People with Each Score
Percentile by Number Answered
Your Score History
You have not taken this quiz